'W' in Europe Quiz Stats

 Plays Quiz Updated Jun 20, 2017

Support Sporcle.
Go Orange.
Score 0/16 Timer 05:00
3 Plays Today
Hint Answer % Correct
85% of which Polish city was destroyed in WWII?Warsaw
94.9%
Which country is one of the constituent countries of the United Kingdom?Wales
90.1%
What is the German name of Vienna?Wien
79.3%
Which palace in central London England is the seat of the British Government?Palace of Westminster
78.4%
Near which village in Belgium did the Duke of Wellington defeat Napoleon in 1815?Waterloo
74.4%
Which castle in Berkshire, England is the official residence of HM Queen Elizabeth II?Windsor Castle
64.2%
Which German city in Thuringia gives its name to the post-WWI Republic of Germany 1919-33?Weimar
53.1%
What is the name of the predominantly French-speaking southern region of Belgium?Wallonia
45.9%
Hint Answer % Correct
Which palace in St. Petersburg, Russia was the official residence of the Russian monarchs 1732-1917?Winter Palace
44.5%
Historically part of Staffordshire, which major city and metropolitan borough can be found in the West Midlands, England? Wolverhampton
37.5%
Which city in Hampshire did Alfred the Great make his capital city?Winchester
35.3%
Which is the fifth largest city of Lower Saxony Germany and the home of Volkswagen AG?Wolfsburg
33.3%
Which city on the river Oder is the largest city in western Poland?Wroclaw
30.5%
Which county on the south coast of Ireland can be found in the Province of Munster?Waterford
27.5%
What name is given to the bay surrounded by Lincolnshire, Cambridgeshire, Norfolk and the North Sea in Eastern England?The Wash
24.2%
Which body of water is a southern inlet of the Barents Sea located on the northwest coast of Russia?White Sea
20.5%

You're not logged in!

Compare scores with friends on all Sporcle quizzes.
OR
Log In
Forgot?

From the Vault

21 Ways Not to Get 'Lice'

by timmylemoine1

Way #1 - Don't share hats.
Remove Ads.
Support Sporcle.
Get the best of Sporcle when you Go Orange. This ad-free experience offers more features, more stats, and more fun while also helping to support Sporcle. Thank you for becoming a member.

Show Comments

Extras

Top Quizzes Today


Score Distribution

Your Account Isn't Verified!

In order to create a playlist on Sporcle, you need to verify the email address you used during registration. Go to your Sporcle Settings to finish the process.

Report this User

Report this user for behavior that violates our Community Guidelines.

Details: